| 000 | 00364nam a22001337a 4500 | ||
|---|---|---|---|
| 020 | _a9788131716250 | ||
| 082 |
_222 _a005.74 |
||
| 100 | _aElmasri, R. and Navathe, Shamkant B. | ||
| 245 | _aFundamentals of database systems / | ||
| 250 | _a5th. | ||
| 260 |
_aNew Delhi, _bPearson Eudcations, _cc2008. |
||
| 300 |
_axxxii, 1143p. ; _bill. ; _c24 cm. |
||
| 942 |
_2ddc _cIT _04 |
||
| 999 |
_c449 _d449 |
||